000 00998nam a2200253Ia 4500
003 OSt
005 20220930190023.0
006 a|||||r|||| 00| 0
007 ta
008 220926b |||||||| |||| 00| 0 hin d
020 _a8170163013 (hbk)
_c170
024 _a1371
037 _b041, 28/10/2009, Independent Publishers Group
_cTextbook
040 _aCRL
_cCRL
_bhin
041 _2hin
_ahin
082 _aY5926:4:5.2, 152P7
100 _aपालीवाल, कृष्णदत्त
245 0 _aडॉ0 अम्बेडकर समाज - व्यवस्था और दलित - साहित्य
246 _aHaॅansate nirzar dahakatī bhaṭṭhī
260 _aनई दिल्ली,
_bकिताबघर, भारत
_c2007
300 _a224पृ0
_ccm.
942 _hY5926:4:5.2, 152P7
_cTB
_2CC
999 _c891465
_d891465